Central Library OPAC University of Rajshahi

Nutrition and physical fitness / (Record no. 67148)

MARC details
000 -LEADER
fixed length control field 00634nam a2200229 a 4500
001 - CONTROL NUMBER
control field 67148
003 - CONTROL NUMBER IDENTIFIER
rucl marc code BD-RjUL
005 - DATE AND TIME OF LATEST TRANSACTION
control field 20211209081624.0
008 - FIXED-LENGTH DATA ELEMENTS--GENERAL INFORMATION
fixed length control field 170322r19581949enka 001 0 eng d
035 ## - SYSTEM CONTROL NUMBER
System control number (BD-RjUL)67279
040 ## - CATALOGING SOURCE
Original cataloging agency DLC
Transcribing agency FQG
Modifying agency UKM
-- BD-RjUL
Language of cataloging eng
041 ## - LANGUAGE CODE
Language code of text/sound track or separate title eng
082 ## - DEWEY DECIMAL CLASSIFICATION NUMBER
Classification number 613.2
Edition number 23
Author mark and year BON 1958
100 1# - MAIN ENTRY--PERSONAL NAME
Personal name Bogert, L. Jean
9 (RLIN) 198918
245 00 - TITLE STATEMENT
Title Nutrition and physical fitness /
Statement of responsibility, etc. L. Jean Bogert
250 ## - EDITION STATEMENT
Edition statement 6th ed.
260 ## - PUBLICATION, DISTRIBUTION, ETC. (IMPRINT)
Place of publication, distribution, etc. London :
Name of publisher, distributor, etc. W.B. Saunders,
Date of publication, distribution, etc. 1949 [Reprinted 1958].
300 ## - PHYSICAL DESCRIPTION
Pagination xiv, 664 p. :
Illustrations ill. ;
Size 23 cm.
500 ## - GENERAL NOTE
General note Include Index.
650 ## - SUBJECT ADDED ENTRY--TOPICAL TERM
Topical term or geographic name as entry element Dietetics
9 (RLIN) 37754
942 ## - ADDED ENTRY ELEMENTS (KOHA)
Source of classification or shelving scheme Dewey Decimal Classification
Koha item type Books
Holdings
Lost status Source of classification or shelving scheme Damaged status Not for loan Collection code Permanent Location Current Location Shelving location Date acquired Source of acquisition Total Checkouts Full call number Date last seen Copy number Koha item type
  Dewey Decimal Classification   Not For Loan Non-fiction Central Library, University of Rajshahi Central Library, University of Rajshahi Reading Room 09/12/2021 Asia Foundation   613.2 BON 1958 22/03/2017 C-1 Books